Tarn - mort subite - Statistiques

Statistiques générales
  • Ce quiz a été pris 45 fois
    2 depuis la dernière actualisation
  • Le résultat moyen est 7 sur 18
Answers on the Grid
Answers color-coded by a green-red scale on the quiz's grid according to % correct below.
Saint-Germain-des-Prés
Une frontière avec le Lot-et-Garonne
Morlaix
Moon-sur-Elle
Nam Định
Puech Montgrand
Albi
Une frontière avec l'Ariège
Une frontière avec la Haute-Garonne
Palais de la Berbie
Maison de Jeanne
Saint-Sulpice-la-Pointe
Meiktila
Marib
Un musée Toulouse-Lautrec
Mossoul
Un musée Goya
Une frontière avec le Gers
Les Albigeois
Une frontière avec l'Aude
Une cathédrale
Mbeya
Stains
Une frontière avec l'Hérault
Sceaux
Labruguière
Ninive
Castres
Une frontière avec le Tarn-et-Garonne
Graulhet
Trois clubs champions français du Rugby à XV
Une frontière avec l'Aveyron
Humenné
Oncy-sur-École
Berat
Mont Vinson
 
Statistiques - réponses
Réponse % Correct
Albi
100%
Castres
50%
Graulhet
50%
Labruguière
50%
Les habitants d'Albi Les Albigeois
50%
Albi Palais de la Berbie
50%
Saint-Sulpice-la-Pointe
50%
Cathédrale Sainte-Cécile d'Albi) Une cathédrale
50%
Une frontière avec la Haute-Garonne
50%
Une frontière avec l'Aude
50%
Une frontière avec l'Aveyron
50%
Une frontière avec l'Hérault
50%
Artiste né à Albi Un musée Toulouse-Lautrec
50%
Manche Moon-sur-Elle
0%
Oncy-sur-École
0%
Albi, Castres et Carmaux Trois clubs champions français du Rugby à XV
0%
Une frontière avec le Tarn-et-Garonne
0%
Castres Un musée Goya
0%
Aucun quiz correspondant
Distribution des résultats
% des personnes avec chaque résultat
Percentile par nombre de réponses
Votre historique - résultats
Vous n’avez pas pris ce quiz depuis la dernière actualisation